000 00621nam a2200181 a 4500
001 000017698
005 20200929165211.0
008 100330s1977 dr 000 0 spa d
040 _aDO-SdBNP
_bspa
_cBNPHU
082 _axxx
_bN899s
100 1 _aAlmodóvar, Luis R.
_938541
245 1 0 _aNotas sobre las algas marinas bentónicas macroscópicas de la República Dominicana /
_cLuis R. Almodóvar, Idelisa Bonnelly de Calventi.
260 _aSanto Domingo :
_bTaller,
_c1977.
300 _a22 p. ;
_c23 cm.
504 _aIncluye bibliografías [p. 22]
700 1 _aBonnelly de Calventi, Idelisa
_936618
049 _aBNPD
999 _c17223
_d17223